[Event "MPJ_D16"]
[Site "?"]
[Date "2016.03.19"]
[Round "8.8"]
[White "Ciesinska, Weronika"]
[Black "Trybowska, Barbara"]
[Result "1-0"]
[BlackElo "1536"]
[WhiteElo "1584"]
[LiveChessVersion "1.4.8"]

1. e4 {[%clk 1:30:58]} e5 {[%clk 1:30:56]} 2. Nf3 {[%clk 1:31:23]} Nc6
{[%clk 1:31:22]} 3. Bc4 {[%clk 1:31:45]} Bc5 {[%clk 1:31:46]} 4. c3
{[%clk 1:32:08]} d6 {[%clk 1:31:58]} 5. d4 {[%clk 1:32:33]} exd4 {[%clk 1:32:20]}
6. cxd4 {[%clk 1:32:58]} Bb4+ {[%clk 1:32:32]} 7. Nc3 {[%clk 1:32:51]} h6
{[%clk 1:31:47]} 8. h3 {[%clk 1:30:31]} Nf6 {[%clk 1:28:42]} 9. O-O
{[%clk 1:30:53]} O-O {[%clk 1:28:12]} 10. Re1 {[%clk 1:25:35]} Bxc3
{[%clk 1:22:31]} 11. bxc3 {[%clk 1:25:57]} Re8 {[%clk 1:07:11]} 12. Bd3
{[%clk 1:24:18]} Re7 {[%clk 0:58:32]} 13. Ba3 {[%clk 1:24:02]} Re8
{[%clk 0:56:51]} 14. Qc2 {[%clk 1:23:04]} Bd7 {[%clk 0:53:46]} 15. Re3
{[%clk 1:20:00]} Ne7 {[%clk 0:47:27]} 16. Rae1 {[%clk 1:19:38]} Ng6
{[%clk 0:46:06]} 17. c4 {[%clk 1:14:17]} Nf4 {[%clk 0:44:09]} 18. e5
{[%clk 1:12:30]} dxe5 {[%clk 0:40:46]} 19. Rxe5 {[%clk 1:10:55]} Rxe5
{[%clk 0:37:06]} 20. Rxe5 {[%clk 1:07:08]} Qc8 {[%clk 0:27:56]} 21. Nh4
{[%clk 0:56:27]} Bxh3 {[%clk 0:10:47]} 22. Bf5 {[%clk 0:48:46]} Bxf5
{[%clk 0:10:10]} 23. Nxf5 {[%clk 0:48:49]} Ng6 {[%clk 0:09:13]} 24. Ne7+
{[%clk 0:41:53]} Nxe7 {[%clk 0:09:35]} 25. Rxe7 {[%clk 0:42:17]} Qg4
{[%clk 0:05:20]} 26. d5 {[%clk 0:38:34]} Rc8 {[%clk 0:04:39]} 27. Qd3
{[%clk 0:36:06]} Nh5 {[%clk 0:02:25]} 28. Qe4 {[%clk 0:30:33]} Nf4
{[%clk 0:01:05]} 29. g3 {[%clk 0:15:27]} Qd1+ {[%clk 0:00:56]} 30. Qe1
{[%clk 0:15:28]} Qxe1+ {[%clk 0:00:50]} 31. Rxe1 {[%clk 0:15:53]} Ng6
{[%clk 0:01:15]} 32. c5 {[%clk 0:14:12]} f6 {[%clk 0:00:42]} 33. d6
{[%clk 0:12:45]} Kf7 {[%clk 0:00:45]} 34. Rb1 {[%clk 0:12:31]} b6
{[%clk 0:00:36]} 35. d7 {[%clk 0:10:24]} Rd8 {[%clk 0:01:02]} 36. c6
{[%clk 0:10:51]} Ne5 {[%clk 0:00:56]} 37. Rc1 {[%clk 0:11:15]} Ng6
{[%clk 0:00:40]} 38. Bd6 {[%clk 0:10:37]} Ra8 {[%clk 0:00:34]} 39. Bxc7
{[%clk 0:10:53]} Ke7 {[%clk 0:00:48]} 40. Re1+ {[%clk 0:40:41]} Ne5
{[%clk 0:31:09]} 41. f4 {[%clk 0:39:47]} 1-0

[Event "MPJ_D16"]
[Site "?"]
[Date "2016.03.19"]
[Round "8.9"]
[White "Ossolinska, Matylda"]
[Black "Parol, Pola"]
[Result "0-1"]
[BlackElo "1893"]
[WhiteElo "1613"]
[LiveChessVersion "1.4.8"]

1. e4 {[%clk 1:30:54]} c6 {[%clk 1:30:49]} 2. d4 {[%clk 1:31:16]} d5
{[%clk 1:31:11]} 3. Nc3 {[%clk 1:31:40]} dxe4 {[%clk 1:31:28]} 4. Nxe4
{[%clk 1:32:03]} Bf5 {[%clk 1:31:48]} 5. Ng3 {[%clk 1:32:23]} Bg6
{[%clk 1:32:08]} 6. Nh3 {[%clk 1:32:35]} Nf6 {[%clk 1:31:59]} 7. Nf4
{[%clk 1:32:29]} e5 {[%clk 1:32:12]} 8. Nxg6 {[%clk 1:32:29]} hxg6
{[%clk 1:32:24]} 9. dxe5 {[%clk 1:32:26]} Qa5+ {[%clk 1:32:35]} 10. Bd2
{[%clk 1:32:34]} Qxe5+ {[%clk 1:32:47]} 11. Qe2 {[%clk 1:32:50]} Bd6
{[%clk 1:32:09]} 12. Bc3 {[%clk 1:26:46]} Qxe2+ {[%clk 1:30:39]} 13. Bxe2
{[%clk 1:26:57]} Nbd7 {[%clk 1:29:25]} 14. O-O-O {[%clk 1:24:10]} Bc5
{[%clk 1:24:25]} 15. f3 {[%clk 1:18:05]} Nb6 {[%clk 1:20:18]} 16. Bd4
{[%clk 1:06:47]} Bxd4 {[%clk 1:17:24]} 17. Rxd4 {[%clk 1:07:08]} Nbd5
{[%clk 1:13:15]} 18. c4 {[%clk 0:58:46]} c5 {[%clk 1:05:50]} 19. Rxd5
{[%clk 0:57:06]} Nxd5 {[%clk 1:04:47]} 20. cxd5 {[%clk 0:57:32]} O-O-O
{[%clk 1:03:56]} 21. Bc4 {[%clk 0:53:46]} Rh4 {[%clk 1:01:03]} 22. b3
{[%clk 0:51:36]} a6 {[%clk 0:59:23]} 23. a4 {[%clk 0:50:04]} b5 {[%clk 0:54:15]}
24. axb5 {[%clk 0:50:00]} axb5 {[%clk 0:54:39]} 25. Bxb5 {[%clk 0:49:54]} Rxd5
{[%clk 0:55:00]} 26. Bc4 {[%clk 0:49:39]} Rg5 {[%clk 0:51:56]} 27. Ne4
{[%clk 0:35:29]} Rxg2 {[%clk 0:51:38]} 28. Bxf7 {[%clk 0:33:32]} Rf4
{[%clk 0:49:44]} 29. Bd5 {[%clk 0:30:00]} Kc7 {[%clk 0:46:21]} 30. Nc3
{[%clk 0:26:07]} Kb6 {[%clk 0:32:54]} 31. Be4 {[%clk 0:24:55]} Rf7
{[%clk 0:27:16]} 32. h4 {[%clk 0:22:33]} Ra7 {[%clk 0:24:52]} 33. Na4+
{[%clk 0:20:36]} Kb5 {[%clk 0:23:48]} 34. Bc2 {[%clk 0:16:43]} Kb4
{[%clk 0:13:04]} 35. h5 {[%clk 0:14:57]} gxh5 {[%clk 0:09:11]} 36. Rxh5
{[%clk 0:14:50]} g5 {[%clk 0:08:36]} 37. Rh1 {[%clk 0:10:47]} Re7
{[%clk 0:07:46]} 38. Rd1 {[%clk 0:08:29]} Ree2 {[%clk 0:07:35]} 39. Bd3
{[%clk 0:06:10]} Ra2 {[%clk 0:07:20]} 40. Bb1 {[%clk 0:35:40]} Raf2
{[%clk 0:35:11]} 41. Bd3 {[%clk 0:28:22]} Rh2 {[%clk 0:30:22]} 42. Be4
{[%clk 0:25:34]} c4 {[%clk 0:28:28]} 43. bxc4 {[%clk 0:21:42]} Kxa4
{[%clk 0:28:22]} 44. c5 {[%clk 0:21:26]} Kb5 {[%clk 0:24:17]} 45. c6
{[%clk 0:21:07]} Kb6 {[%clk 0:23:31]} 46. Rd4 {[%clk 0:14:14]} Re2
{[%clk 0:20:33]} 47. Rd7 {[%clk 0:13:12]} Re1+ {[%clk 0:15:06]} 48. Rd1
{[%clk 0:13:35]} Ree2 {[%clk 0:15:28]} 49. Rd7 {[%clk 0:13:51]} Ra2
{[%clk 0:14:24]} 50. Kb1 {[%clk 0:10:45]} Rhb2+ {[%clk 0:13:14]} 51. Kc1
{[%clk 0:11:10]} Rf2 {[%clk 0:12:16]} 52. Kb1 {[%clk 0:10:22]} Rae2
{[%clk 0:11:36]} 53. Kc1 {[%clk 0:10:34]} Re1+ {[%clk 0:06:15]} 54. Rd1
{[%clk 0:10:55]} Re3 {[%clk 0:06:28]} 55. Bd5 {[%clk 0:07:34]} Kc7
{[%clk 0:05:55]} 56. Rd2 {[%clk 0:05:58]} Rxd2 {[%clk 0:04:16]} 57. Kxd2
{[%clk 0:06:23]} Re5 {[%clk 0:04:44]} 58. Bf7 {[%clk 0:03:36]} Kxc6
{[%clk 0:05:02]} 59. Bh5 {[%clk 0:03:51]} Kd5 {[%clk 0:04:59]} 60. Kd3
{[%clk 0:03:06]} Re7 {[%clk 0:04:39]} 61. Bg6 {[%clk 0:03:10]} Ke5
{[%clk 0:04:40]} 62. Bh5 {[%clk 0:03:13]} Kf4 {[%clk 0:05:02]} 63. Kd2
{[%clk 0:03:10]} Re3 {[%clk 0:05:20]} 64. Bg4 {[%clk 0:02:26]} Rxf3
{[%clk 0:05:35]} 65. Bxf3 {[%clk 0:02:04]} Kxf3 {[%clk 0:06:01]} 66. Ke1
{[%clk 0:02:30]} Kg2 {[%clk 0:06:17]} 67. Ke2 {[%clk 0:02:56]} g4
{[%clk 0:06:43]} 68. Ke3 {[%clk 0:03:20]} g3 {[%clk 0:07:07]} 69. Ke2
{[%clk 0:03:46]} Kh2 {[%clk 0:07:27]} 70. Kf1 {[%clk 0:03:31]} 0-1

[Event "MPJ_D16"]
[Site "?"]
[Date "2016.03.19"]
[Round "8.10"]
[White "Jurkiewicz, Zuzanna"]
[Black "Zamarska, Sylwia"]
[Result "1-0"]
[BlackElo "1605"]
[WhiteElo "1632"]
[LiveChessVersion "1.4.8"]

1. Nf3 {[%clk 1:30:55]} d5 {[%clk 1:30:34]} 2. c4 {[%clk 1:30:55]} c6
{[%clk 1:30:40]} 3. d4 {[%clk 1:30:17]} Nf6 {[%clk 1:29:56]} 4. Nc3
{[%clk 1:29:11]} e6 {[%clk 1:28:22]} 5. Bg5 {[%clk 1:27:17]} Be7 {[%clk 1:27:46]}
6. e3 {[%clk 1:27:00]} O-O {[%clk 1:26:56]} 7. Bd3 {[%clk 1:26:42]} dxc4
{[%clk 1:26:01]} 8. Bxc4 {[%clk 1:27:04]} Nbd7 {[%clk 1:23:28]} 9. O-O
{[%clk 1:22:45]} b6 {[%clk 1:18:27]} 10. Qc2 {[%clk 1:08:21]} Bb7
{[%clk 1:16:53]} 11. e4 {[%clk 1:03:27]} Re8 {[%clk 1:09:32]} 12. Rad1
{[%clk 0:55:43]} Qc7 {[%clk 1:03:22]} 13. Rfe1 {[%clk 0:41:26]} Nf8
{[%clk 0:57:39]} 14. Ne5 {[%clk 0:33:22]} c5 {[%clk 0:40:57]} 15. Nb5
{[%clk 0:29:52]} Qb8 {[%clk 0:40:21]} 16. Bxf6 {[%clk 0:19:19]} Bxf6
{[%clk 0:39:09]} 17. Ng4 {[%clk 0:18:28]} Bxd4 {[%clk 0:37:17]} 18. Nxd4
{[%clk 0:18:25]} cxd4 {[%clk 0:37:33]} 19. Rxd4 {[%clk 0:18:35]} Qc7
{[%clk 0:36:40]} 20. Qd2 {[%clk 0:11:44]} Red8 {[%clk 0:34:16]} 21. Rxd8
{[%clk 0:11:52]} Qxd8 {[%clk 0:32:19]} 22. Qe3 {[%clk 0:11:55]} Rc8
{[%clk 0:30:54]} 23. Bb3 {[%clk 0:10:18]} Qd6 {[%clk 0:27:28]} 24. h4
{[%clk 0:07:46]} Rd8 {[%clk 0:23:54]} 25. Qg5 {[%clk 0:03:55]} Kh8
{[%clk 0:19:49]} 26. Rd1 {[%clk 0:03:24]} Qxd1+ {[%clk 0:17:18]} 27. Bxd1
{[%clk 0:03:50]} Rxd1+ {[%clk 0:17:43]} 28. Kh2 {[%clk 0:04:17]} f6
{[%clk 0:12:57]} 29. Qh5 {[%clk 0:02:34]} Rd7 {[%clk 0:10:49]} 30. Qe8
{[%clk 0:02:48]} Kg8 {[%clk 0:11:01]} 31. h5 {[%clk 0:01:41]} Bxe4
{[%clk 0:10:09]} 32. h6 {[%clk 0:01:06]} Bg6 {[%clk 0:08:53]} 33. Qc8
{[%clk 0:01:29]} Bf5 {[%clk 0:07:40]} 34. hxg7 {[%clk 0:01:07]} Kxg7
{[%clk 0:07:56]} 35. Nxf6 {[%clk 0:01:18]} Kxf6 {[%clk 0:07:02]} 36. Qxf8+
{[%clk 0:01:44]} Rf7 {[%clk 0:07:19]} 37. Qh6+ {[%clk 0:01:42]} Ke7
{[%clk 0:07:39]} 38. Qg5+ {[%clk 0:01:48]} Kd7 {[%clk 0:07:42]} 39. f3
{[%clk 0:01:18]} Bg6 {[%clk 0:06:32]} 40. Qb5+ {[%clk 0:31:09]} Ke7
{[%clk 0:36:36]} 41. b4 {[%clk 0:30:14]} Kf8 {[%clk 0:33:23]} 42. a4
{[%clk 0:28:37]} Ke7 {[%clk 0:32:24]} 43. a5 {[%clk 0:28:35]} bxa5
{[%clk 0:32:05]} 44. Qxa5 {[%clk 0:26:53]} Ke8 {[%clk 0:28:58]} 45. Kg3
{[%clk 0:25:58]} Bf5 {[%clk 0:27:26]} 46. Kf2 {[%clk 0:25:21]} Rd7
{[%clk 0:24:59]} 47. Ke2 {[%clk 0:25:03]} Ke7 {[%clk 0:23:14]} 48. g4
{[%clk 0:23:50]} Bg6 {[%clk 0:20:57]} 49. f4 {[%clk 0:22:37]} Bd3+
{[%clk 0:17:16]} 50. Ke3 {[%clk 0:22:58]} a6 {[%clk 0:17:08]} 51. Qe5
{[%clk 0:21:37]} Kf7 {[%clk 0:16:47]} 52. Qc5 {[%clk 0:14:14]} Rd5
{[%clk 0:11:41]} 53. Qc7+ {[%clk 0:10:19]} Ke8 {[%clk 0:11:09]} 54. Qc8+
{[%clk 0:09:35]} Ke7 {[%clk 0:11:19]} 55. Qb7+ {[%clk 0:09:46]} Rd7
{[%clk 0:10:48]} 56. Qxd7+ {[%clk 0:07:03]} Kxd7 {[%clk 0:11:05]} 57. Kxd3
{[%clk 0:07:30]} h6 {[%clk 0:08:38]} 58. Ke4 {[%clk 0:07:28]} Ke8
{[%clk 0:06:25]} 59. Kd4 {[%clk 0:07:19]} Kd8 {[%clk 0:06:01]} 60. Kc5
{[%clk 0:07:35]} Kc7 {[%clk 0:05:29]} 61. g5 {[%clk 0:07:25]} hxg5
{[%clk 0:05:40]} 62. fxg5 {[%clk 0:07:48]} Kd7 {[%clk 0:05:50]} 63. g6
{[%clk 0:07:54]} Ke7 {[%clk 0:05:57]} 64. g7 {[%clk 0:08:12]} Kf7
{[%clk 0:06:24]} 65. Kd6 {[%clk 0:08:38]} e5 {[%clk 0:05:09]} 66. Kxe5
{[%clk 0:08:28]} Kxg7 {[%clk 0:05:33]} 67. Kd6 {[%clk 0:08:55]} Kf7
{[%clk 0:04:57]} 68. Kc6 {[%clk 0:09:19]} Ke7 {[%clk 0:04:45]} 69. Kb7
{[%clk 0:09:15]} Kd7 {[%clk 0:04:54]} 70. Kxa6 {[%clk 0:09:33]} Kc7
{[%clk 0:05:00]} 71. b5 {[%clk 0:09:55]} Kb8 {[%clk 0:04:38]} 72. Kb6
{[%clk 0:10:21]} 1-0

[Event "MPJ_D16"]
[Site "?"]
[Date "2016.03.19"]
[Round "8.11"]
[White "Borkowska, Zuzanna"]
[Black "Kostecka, Marika"]
[Result "0-1"]
[BlackElo "1775"]
[WhiteElo "1465"]
[LiveChessVersion "1.4.8"]

1. e4 {[%clk 1:30:57]} c5 {[%clk 1:30:48]} 2. Nf3 {[%clk 1:31:21]} d6
{[%clk 1:31:07]} 3. c3 {[%clk 1:31:41]} Nf6 {[%clk 1:31:30]} 4. h3
{[%clk 1:32:03]} Nc6 {[%clk 1:31:50]} 5. Bd3 {[%clk 1:32:23]} e5 {[%clk 1:31:41]}
6. Bc2 {[%clk 1:31:53]} g6 {[%clk 1:32:02]} 7. d3 {[%clk 1:31:03]} Bg7
{[%clk 1:31:28]} 8. O-O {[%clk 1:31:04]} O-O {[%clk 1:31:29]} 9. Bg5
{[%clk 1:30:14]} Qc7 {[%clk 1:27:46]} 10. Nbd2 {[%clk 1:25:23]} Be6
{[%clk 1:21:09]} 11. Re1 {[%clk 1:23:06]} b6 {[%clk 1:14:19]} 12. Nf1
{[%clk 1:20:23]} d5 {[%clk 1:13:11]} 13. exd5 {[%clk 1:19:31]} Nxd5
{[%clk 1:13:14]} 14. Qd2 {[%clk 1:14:15]} Rfe8 {[%clk 1:08:57]} 15. Ne3
{[%clk 1:05:57]} Nxe3 {[%clk 0:55:32]} 16. Bxe3 {[%clk 1:03:08]} Bd5
{[%clk 0:50:48]} 17. Nh2 {[%clk 1:01:08]} f5 {[%clk 0:44:16]} 18. f4
{[%clk 0:57:00]} e4 {[%clk 0:41:50]} 19. dxe4 {[%clk 0:55:32]} Bxe4
{[%clk 0:41:52]} 20. Bxe4 {[%clk 0:54:49]} Rxe4 {[%clk 0:42:04]} 21. g3
{[%clk 0:48:28]} Rd8 {[%clk 0:34:22]} 22. Qf2 {[%clk 0:46:35]} Na5
{[%clk 0:28:04]} 23. Nf3 {[%clk 0:43:41]} Nc4 {[%clk 0:24:17]} 24. Ng5
{[%clk 0:42:37]} Re7 {[%clk 0:21:52]} 25. Rac1 {[%clk 0:34:44]} Rd3
{[%clk 0:18:52]} 26. Qf1 {[%clk 0:34:19]} Qd7 {[%clk 0:15:25]} 27. Rcd1
{[%clk 0:21:30]} Rexe3 {[%clk 0:12:00]} 28. Rxd3 {[%clk 0:15:04]} Rxd3
{[%clk 0:12:16]} 29. Qg2 {[%clk 0:08:05]} Rd1 {[%clk 0:10:31]} 30. Qe2
{[%clk 0:04:36]} Rxe1+ {[%clk 0:07:35]} 31. Qxe1 {[%clk 0:05:05]} Bf6
{[%clk 0:06:36]} 32. Qe2 {[%clk 0:04:13]} Nd6 {[%clk 0:04:08]} 33. Nf3
{[%clk 0:03:56]} Ne4 {[%clk 0:03:27]} 34. Kg2 {[%clk 0:03:56]} b5
{[%clk 0:02:30]} 35. a3 {[%clk 0:03:12]} c4 {[%clk 0:02:20]} 36. Kh2
{[%clk 0:01:13]} Qd3 {[%clk 0:02:38]} 37. Qg2 {[%clk 0:01:25]} Qe3
{[%clk 0:02:29]} 38. h4 {[%clk 0:00:40]} Qf2 {[%clk 0:02:51]} 39. Qxf2
{[%clk 0:01:05]} Nxf2 {[%clk 0:03:17]} 40. Nd2 {[%clk 0:31:14]} Nd3
{[%clk 0:33:32]} 41. b3 {[%clk 0:31:24]} Bxc3 {[%clk 0:33:35]} 42. Nb1
{[%clk 0:31:47]} Be1 {[%clk 0:33:47]} 0-1

[Event "MPJ_D16"]
[Site "?"]
[Date "2016.03.19"]
[Round "8.12"]
[White "Guzik, Natalia"]
[Black "Szulc, Patrycja"]
[Result "1-0"]
[BlackElo "1692"]
[WhiteElo "1619"]
[LiveChessVersion "1.4.8"]

1. e4 {[%clk 1:30:57]} c5 {[%clk 1:30:54]} 2. Nf3 {[%clk 1:31:21]} d6
{[%clk 1:31:18]} 3. c3 {[%clk 1:31:46]} d5 {[%clk 1:31:14]} 4. exd5
{[%clk 1:32:09]} Qxd5 {[%clk 1:31:37]} 5. d4 {[%clk 1:32:28]} Bg4
{[%clk 1:30:37]} 6. Be2 {[%clk 1:32:39]} Nf6 {[%clk 1:30:20]} 7. h3
{[%clk 1:31:28]} Bh5 {[%clk 1:30:31]} 8. c4 {[%clk 1:29:17]} Qc6 {[%clk 1:29:34]}
9. O-O {[%clk 1:20:35]} e6 {[%clk 1:15:36]} 10. Nc3 {[%clk 1:19:11]} Be7
{[%clk 1:09:24]} 11. Bf4 {[%clk 1:02:53]} cxd4 {[%clk 0:58:53]} 12. Nb5
{[%clk 0:59:57]} Na6 {[%clk 0:58:16]} 13. Nfxd4 {[%clk 0:52:46]} Bxe2
{[%clk 0:57:41]} 14. Qxe2 {[%clk 0:52:31]} Qe4 {[%clk 0:57:08]} 15. Qxe4
{[%clk 0:52:07]} Nxe4 {[%clk 0:57:29]} 16. Rfe1 {[%clk 0:51:47]} Nec5
{[%clk 0:57:38]} 17. Rad1 {[%clk 0:51:02]} O-O {[%clk 0:57:39]} 18. a3
{[%clk 0:46:14]} Bf6 {[%clk 0:49:16]} 19. b4 {[%clk 0:39:59]} Nd7
{[%clk 0:46:42]} 20. Nxe6 {[%clk 0:39:27]} fxe6 {[%clk 0:45:57]} 21. Rxd7
{[%clk 0:39:41]} e5 {[%clk 0:46:19]} 22. Bxe5 {[%clk 0:36:56]} Rae8
{[%clk 0:46:21]} 23. f4 {[%clk 0:36:27]} Rf7 {[%clk 0:46:06]} 24. Rxf7
{[%clk 0:36:41]} Kxf7 {[%clk 0:46:27]} 25. Nd6+ {[%clk 0:37:04]} Kf8
{[%clk 0:46:40]} 26. Nxe8 {[%clk 0:37:26]} Kxe8 {[%clk 0:47:04]} 27. Bxf6+
{[%clk 0:37:51]} 1-0

[Event "MPJ_D16"]
[Site "?"]
[Date "2016.03.19"]
[Round "8.13"]
[White "Gredka, Dominika"]
[Black "Szelag, Zuzanna"]
[Result "1-0"]
[BlackElo "1688"]
[WhiteElo "1690"]
[LiveChessVersion "1.4.8"]

1. e4 {[%clk 1:30:59]} c5 {[%clk 1:30:49]} 2. c3 {[%clk 1:31:01]} d5
{[%clk 1:31:04]} 3. exd5 {[%clk 1:31:26]} Qxd5 {[%clk 1:31:29]} 4. d4
{[%clk 1:31:49]} Nf6 {[%clk 1:31:48]} 5. Nf3 {[%clk 1:31:54]} e6 {[%clk 1:32:03]}
6. Be2 {[%clk 1:31:02]} Nc6 {[%clk 1:32:11]} 7. O-O {[%clk 1:31:19]} cxd4
{[%clk 1:32:01]} 8. cxd4 {[%clk 1:31:13]} Be7 {[%clk 1:32:03]} 9. Nc3
{[%clk 1:31:23]} Qd6 {[%clk 1:31:55]} 10. h3 {[%clk 1:27:00]} O-O
{[%clk 1:30:30]} 11. Be3 {[%clk 1:26:51]} b6 {[%clk 1:27:19]} 12. Qd2
{[%clk 1:17:41]} Rd8 {[%clk 1:19:08]} 13. Rfd1 {[%clk 0:53:46]} Bb7
{[%clk 1:11:00]} 14. Rac1 {[%clk 0:38:24]} Bf8 {[%clk 0:47:42]} 15. Bf4
{[%clk 0:29:33]} Qd7 {[%clk 0:42:23]} 16. Bg5 {[%clk 0:18:10]} Be7
{[%clk 0:35:31]} 17. Bf4 {[%clk 0:15:11]} a6 {[%clk 0:23:31]} 18. Na4
{[%clk 0:11:04]} Nd5 {[%clk 0:23:36]} 19. Bg3 {[%clk 0:10:19]} Bf6
{[%clk 0:20:19]} 20. Nc3 {[%clk 0:09:50]} Nce7 {[%clk 0:16:26]} 21. Ne4
{[%clk 0:06:02]} Rac8 {[%clk 0:15:19]} 22. Rxc8 {[%clk 0:05:34]} Nxc8
{[%clk 0:12:54]} 23. Nxf6+ {[%clk 0:05:28]} Nxf6 {[%clk 0:13:15]} 24. Ne5
{[%clk 0:04:50]} Qe8 {[%clk 0:11:18]} 25. Bh4 {[%clk 0:04:12]} Ne4
{[%clk 0:11:09]} 26. Qe3 {[%clk 0:01:41]} f6 {[%clk 0:10:36]} 27. f3
{[%clk 0:01:22]} Ned6 {[%clk 0:10:17]} 28. Nc4 {[%clk 0:01:01]} Nf5
{[%clk 0:10:15]} 29. Qf2 {[%clk 0:00:54]} b5 {[%clk 0:09:51]} 30. Na5
{[%clk 0:00:52]} Bd5 {[%clk 0:08:59]} 31. a3 {[%clk 0:00:38]} Ncd6
{[%clk 0:08:20]} 32. Bg3 {[%clk 0:00:44]} Nxg3 {[%clk 0:08:33]} 33. Qxg3
{[%clk 0:01:12]} Nf5 {[%clk 0:08:48]} 34. Qf2 {[%clk 0:01:03]} Rc8
{[%clk 0:06:44]} 35. Bd3 {[%clk 0:01:11]} Nd6 {[%clk 0:05:02]} 36. Qh4
{[%clk 0:01:10]} f5 {[%clk 0:05:01]} 37. Re1 {[%clk 0:00:54]} Qf7
{[%clk 0:04:07]} 38. Qg3 {[%clk 0:01:08]} Qc7 {[%clk 0:04:13]} 39. Rd1
{[%clk 0:00:36]} Rd8 {[%clk 0:03:07]} 40. Qe1 {[%clk 0:30:59]} Qb6
{[%clk 0:32:44]} 41. Qb4 {[%clk 0:28:00]} Rc8 {[%clk 0:29:01]} 42. Kh1
{[%clk 0:26:42]} Nf7 {[%clk 0:14:56]} 43. Nb3 {[%clk 0:19:51]} Rd8
{[%clk 0:12:12]} 44. Nc5 {[%clk 0:19:06]} Ba8 {[%clk 0:09:47]} 45. Re1
{[%clk 0:18:04]} Bd5 {[%clk 0:09:24]} 46. a4 {[%clk 0:17:41]} Qd6
{[%clk 0:07:25]} 47. axb5 {[%clk 0:12:36]} axb5 {[%clk 0:07:26]} 48. Qxb5
{[%clk 0:11:33]} Qg3 {[%clk 0:07:03]} 49. Rf1 {[%clk 0:08:25]} Ng5
{[%clk 0:05:29]} 50. Qa5 {[%clk 0:07:25]} Rb8 {[%clk 0:04:55]} 51. Qe1
{[%clk 0:07:12]} Qf4 {[%clk 0:03:36]} 52. Qf2 {[%clk 0:05:19]} Rb4
{[%clk 0:02:32]} 53. Bc2 {[%clk 0:02:17]} Rxb2 {[%clk 0:02:04]} 54. Nd3
{[%clk 0:02:18]} Qb8 {[%clk 0:00:34]} 55. Nxb2 {[%clk 0:02:38]} Qxb2
{[%clk 0:01:03]} 56. Rb1 {[%clk 0:02:07]} Qc3 {[%clk 0:01:18]} 57. h4
{[%clk 0:01:46]} Nxf3 {[%clk 0:00:49]} 58. gxf3 {[%clk 0:02:08]} 1-0

[Event "MPJ_D16"]
[Site "?"]
[Date "2016.03.19"]
[Round "8.14"]
[White "Kwiatkowska, Agnieszka"]
[Black "Krzysztynska, Anna"]
[Result "0-1"]
[BlackElo "1643"]
[WhiteElo "1643"]
[LiveChessVersion "1.4.8"]

1. e4 {[%clk 1:30:58]} e5 {[%clk 1:30:55]} 2. Nf3 {[%clk 1:31:23]} Nc6
{[%clk 1:31:19]} 3. Bb5 {[%clk 1:31:43]} a6 {[%clk 1:31:41]} 4. Ba4
{[%clk 1:32:07]} Nf6 {[%clk 1:32:00]} 5. d3 {[%clk 1:32:27]} b5 {[%clk 1:32:11]}
6. Bb3 {[%clk 1:32:50]} Be7 {[%clk 1:32:24]} 7. c3 {[%clk 1:32:37]} O-O
{[%clk 1:32:06]} 8. Nbd2 {[%clk 1:33:00]} Bb7 {[%clk 1:25:57]} 9. Nf1
{[%clk 1:31:40]} Re8 {[%clk 1:20:04]} 10. Ng3 {[%clk 1:30:36]} d5
{[%clk 1:16:12]} 11. Qe2 {[%clk 1:29:59]} Bc5 {[%clk 1:12:49]} 12. Bg5
{[%clk 1:27:06]} d4 {[%clk 1:07:46]} 13. Nh4 {[%clk 1:17:55]} h6 {[%clk 1:03:53]}
14. Bxf6 {[%clk 1:17:51]} Qxf6 {[%clk 1:03:38]} 15. Nhf5 {[%clk 1:18:16]} Bf8
{[%clk 0:59:27]} 16. Nh5 {[%clk 1:01:23]} Qg5 {[%clk 0:52:26]} 17. h4
{[%clk 1:01:01]} Qg6 {[%clk 0:51:20]} 18. Rh3 {[%clk 0:54:55]} Ne7
{[%clk 0:38:03]} 19. Rg3 {[%clk 0:50:36]} Qc6 {[%clk 0:33:07]} 20. Nhxg7
{[%clk 0:45:24]} Bxg7 {[%clk 0:26:39]} 21. Rxg7+ {[%clk 0:38:22]} Kh8
{[%clk 0:24:56]} 22. Rxf7 {[%clk 0:32:06]} Nxf5 {[%clk 0:21:09]} 23. Rxf5
{[%clk 0:32:13]} Bc8 {[%clk 0:13:59]} 24. Bd5 {[%clk 0:28:47]} Qd6
{[%clk 0:12:47]} 25. Rf7 {[%clk 0:23:33]} c6 {[%clk 0:10:50]} 26. Bb3
{[%clk 0:22:54]} a5 {[%clk 0:08:14]} 27. Qf3 {[%clk 0:20:32]} a4 {[%clk 0:06:44]}
28. Bd1 {[%clk 0:20:54]} Bd7 {[%clk 0:05:39]} 29. Rf6 {[%clk 0:20:37]} Re6
{[%clk 0:05:29]} 30. Rxe6 {[%clk 0:19:27]} Qxe6 {[%clk 0:05:48]} 31. cxd4
{[%clk 0:18:20]} exd4 {[%clk 0:06:10]} 32. g4 {[%clk 0:14:24]} Rg8
{[%clk 0:05:36]} 33. Qf5 {[%clk 0:14:40]} Qd6 {[%clk 0:05:34]} 34. Qh5
{[%clk 0:08:46]} Be8 {[%clk 0:05:41]} 35. Qf5 {[%clk 0:05:24]} Rf8
{[%clk 0:05:17]} 36. Qxf8+ {[%clk 0:03:26]} Qxf8 {[%clk 0:05:40]} 37. a3
{[%clk 0:03:51]} Qe7 {[%clk 0:05:29]} 38. h5 {[%clk 0:04:04]} Qh4
{[%clk 0:05:07]} 39. Kf1 {[%clk 0:03:17]} Bd7 {[%clk 0:05:01]} 40. f3
{[%clk 0:33:35]} Qh1+ {[%clk 0:34:34]} 41. Kf2 {[%clk 0:32:24]} Qh2+
{[%clk 0:34:54]} 42. Ke1 {[%clk 0:32:46]} Qxb2 {[%clk 0:35:11]} 43. f4
{[%clk 0:33:02]} Qxa1 {[%clk 0:35:28]} 0-1

[Event "MPJ_D16"]
[Site "?"]
[Date "2016.03.19"]
[Round "8.15"]
[White "Trembowiecka-wysota, Aleksandra"]
[Black "Surpeta, Julia"]
[Result "1/2-1/2"]
[BlackElo "1339"]
[WhiteElo "1503"]
[LiveChessVersion "1.4.8"]

1. e4 {[%clk 1:30:59]} e6 {[%clk 1:30:31]} 2. d4 {[%clk 1:31:23]} d5
{[%clk 1:30:26]} 3. Nc3 {[%clk 1:31:46]} Bb4 {[%clk 1:30:37]} 4. e5
{[%clk 1:32:04]} c5 {[%clk 1:30:44]} 5. a3 {[%clk 1:32:28]} cxd4 {[%clk 1:30:46]}
6. Qxd4 {[%clk 1:32:15]} Nc6 {[%clk 1:29:31]} 7. Bb5 {[%clk 1:32:38]} Bd7
{[%clk 1:29:46]} 8. Bxc6 {[%clk 1:32:56]} Bxc3+ {[%clk 1:30:11]} 9. Qxc3
{[%clk 1:32:45]} Bxc6 {[%clk 1:30:31]} 10. Qg3 {[%clk 1:31:01]} Ne7
{[%clk 1:27:04]} 11. Nf3 {[%clk 1:18:48]} Nf5 {[%clk 1:22:31]} 12. Qg4
{[%clk 1:18:28]} f6 {[%clk 1:12:24]} 13. O-O {[%clk 1:17:16]} d4 {[%clk 1:11:07]}
14. exf6 {[%clk 1:17:22]} Qxf6 {[%clk 1:11:30]} 15. Bg5 {[%clk 1:16:39]} Bxf3
{[%clk 1:10:39]} 16. gxf3 {[%clk 1:17:05]} Qg6 {[%clk 1:10:55]} 17. c3
{[%clk 1:11:13]} O-O {[%clk 1:10:31]} 18. Kh1 {[%clk 1:09:22]} dxc3
{[%clk 1:09:28]} 19. bxc3 {[%clk 1:09:43]} h5 {[%clk 1:09:42]} 20. Qf4
{[%clk 1:07:30]} Nd4 {[%clk 1:00:36]} 21. Qxd4 {[%clk 1:07:55]} Qxg5
{[%clk 1:01:00]} 22. Rg1 {[%clk 1:07:39]} Qf6 {[%clk 1:01:22]} 23. Qxf6
{[%clk 1:07:07]} Rxf6 {[%clk 1:01:46]} 24. Rg3 {[%clk 1:07:10]} Raf8
{[%clk 1:00:31]} 25. Rag1 {[%clk 1:07:32]} R8f7 {[%clk 1:00:35]} 26. Kg2
{[%clk 1:07:52]} h4 {[%clk 1:00:54]} 27. Rg4 {[%clk 1:01:20]} Rxf3
{[%clk 1:00:52]} 28. Rxh4 {[%clk 1:01:24]} Rxc3 {[%clk 0:59:55]} 29. Ra4
{[%clk 1:01:40]} a6 {[%clk 0:59:53]} 30. Re1 {[%clk 1:01:59]} Rc2
{[%clk 0:57:59]} 31. Rf1 {[%clk 1:01:37]} e5 {[%clk 0:55:02]} 32. Kg3
{[%clk 1:01:40]} Rf5 {[%clk 0:54:21]} 33. Rb4 {[%clk 1:01:08]} Rf7
{[%clk 0:52:49]} 34. f3 {[%clk 1:00:04]} Rc3 {[%clk 0:52:40]} 35. a4
{[%clk 1:00:27]} Re3 {[%clk 0:52:11]} 36. Kg2 {[%clk 0:59:28]} Ra3
{[%clk 0:52:21]} 37. Kg3 {[%clk 0:59:27]} a5 {[%clk 0:52:12]} 38. Re4
{[%clk 0:58:49]} Rf5 {[%clk 0:52:23]} 39. Kg2 {[%clk 0:58:31]} Rf4
{[%clk 0:50:47]} 40. Rxf4 {[%clk 1:28:07]} exf4 {[%clk 1:21:12]} 41. Rb1
{[%clk 1:28:33]} 1/2-1/2